LEADER 01206nam a2200277 4500 001 000000354677 003 CaOOAMICUS 005 20230720122036.0 008 230720s2014 xxu 000 u eng r 020 $a978-0-8091-4873-8 040 $aSeMil$bita 245 00$aEthics and spirituality /$cedited by Charles E. Curran and Lisa A. Fullam. 264 1$aNew York ; Mahwah :$bPaulist Press,$c2014. 300 $axii, 275 p. ;$c21 cm 490 1 $aReadings in moral theology ;$v17 650 4$aSpiritualità cristiana.$0(OLS)http://semarc/subject/53718 650 4$aEtica cristiana.$0(OLS)http://semarc/subject/620 700 1 $aCurran, Charles E.,$d<1934- >.$0(OLS)http://semarc/name/3801 700 1 $aFullam, Lisa A.$0(OLS)http://semarc/name/117899 830 0$aReadings in moral theology ;$v17.$0(OLS)http://semarc/title/9802 850 $aSeMil 852 $aSeMil$W1$xVenegono$y1$m2MA N 17$j242326$B245971$CSeMilBibl$Z2$F245971 $81 996 $6020$a978-0-8091-4873-8$9(OLS)http://semarc/number/298516 996 $6245$aEthics and spirituality$9(OLS)http://semarc/title/444817 996 $6264$aNew York ; Mahwah :$bPaulist Press$9(OLS)http://semarc/publisher/32439 LEADER 01333nam a2200301 4500 001 000000363320 003 CaOOAMICUS 005 20250624113927.0 008 250624s2023 be a 000 u fre r 020 $a978-2-503-60496-1 040 $aSeMil$bita 100 1 $aAudebrand, Justine.$0(OLS)http://semarc/name/122288 245 10$aFrères et s?urs dans l'Europe du Haut Moyen Âge :$b(vers 650 - vers 1000) /$cJustine Audebrand. 264 1$aTurnhout :$bBrepols,$c2023. 300 $a438 p. :$bill. ;$c24 cm 490 1 $aHaut Moyen Âge ;$v48 650 4$aFratellanza - Medioevo.$0(OLS)http://semarc/subject/57956 650 4$aFamiglia - Medioevo.$0(OLS)http://semarc/subject/39294 650 4$aStoria sociale - Medioevo.$0(OLS)http://semarc/subject/51508 830 0$aHaut Moyen Âge ;$v48.$0(OLS)http://semarc/title/426067 850 $aSeMil 852 $aSeMil$W1$xVenegono$y1$m3T IV 229$j258762$B254178$CSeMilBibl$Z2$F254178 $81 983 0$aCollection Haut Moyen Âge. 996 $6020$a978-2-503-60496-1$9(OLS)http://semarc/number/303476 996 $6245$aFrères et s?urs dans l'Europe du Haut Moyen Âge :$b(vers 650 - vers 1000)$9(OLS)http://semarc/title/454505 996 $6264$aTurnhout :$bBrepols$9(OLS)http://semarc/publisher/29626